LEADER 01412nas a2200265 i 4500 001 000000228956 003 CaOOAMICUS 005 20140127000000.0 008 140127b2014 it uu u0 0ita r 013 $a207858 040 $aSeMil$bita 245 10$aGenerare futuro :$b36. Giornata per la Vita, 2 febbraio 2014. 260 $aMilano :$bNuova Editoriale Italiana,$c2014. 300 $a42 p. :$bill. ;$c26 cm + [1] allegato. 500 $aTitolo dalla copertina. - In Allegato : Inserto promozionale. - Contiene : Messaggio del Consiglio Permanente della CEI per la 36. Giornata Nazionale per la Vita. - Allegato in coda all'Anno 47. [1]. 700 1 $aGiornata Nazionale per la Vita «Generare futuro» <36. ; 2014>.$0(OLS)http://semarc/name/79133 710 2 $aConferenza Episcopale Italiana.$0(OLS)http://semarc/name/95789 773 0 $tAvvenire.$dMilano : [s.n.], 1968.$w()1958 773 0 $tNOI.$dMilano : Nuova Editoriale Italiana, 1997-2015.$x1120-6020$w()2891 774 0 $tTurchia, Cappadocia affascinante e le spiagge da sogno della riviera turca.$w()280946 850 $aSeMil 852 $aSeMil$W1$xVenegono$y1$m$j2960$B179302$CSeMilBibl$Z2$F0 $82 961 $aCambio: Scuola Cattolica 996 $6245$aGenerare futuro :$b36. Giornata per la Vita, 2 febbraio 2014$9(OLS)http://semarc/title/327648 996 $6260$aMilano :$bNuova Editoriale Italiana$9(OLS)http://semarc/publisher/30945 LEADER 00827naa a2200169 i 4500 001 000000307263 003 CaOOAMICUS 005 20180831172913.0 008 180831n xx u000 u ger u 013 $a15952 040 $aSeMil$bita 100 1 $aLattke, Michael.$0(OLS)http://semarc/name/87187 245 10$aSpuren des Römerbriefs in den Oden Salomos. 650 4$aBibbia - Apocrifi AT - Odi di Salomone.$0(OLS)http://semarc/subject/8765 650 4$aBibbia. Nuovo Testamento. Lettera ai Romani - Commentari, studi, critica, interpretazioni.$0(OLS)http://semarc/subject/31 773 0 $tLetter to the Romans.$dLeuven [etc] : Uitgeverij Peeters, 2009.$kBibliotheca Ephemeridum Theologicarum Lovaniensium$z978-90-429-2199-3$gp.543-562$w()182763 996 $6245$aSpuren des Römerbriefs in den Oden Salomos$9(OLS)http://semarc/title/382641